Tim McGraw - Taylor Swift (All Lyrics) - Statistics

General Stats
  • This quiz has been taken 238 times
    211 since last reset
  • The average score is 324 of 366
Answer Stats
Lyrics % Correct
a
99%
I
99%
McGraw
99%
Mcgraw
99%
Tim
99%
He
98%
hope
98%
me
98%
me,
98%
my
98%
then
98%
think
98%
Think
98%
you
98%
of
97%
the
97%
The
97%
when
97%
When
97%
"When
97%
On
96%
on
96%
that
96%
That
96%
that,
96%
night
95%
blue
94%
dress
94%
little
94%
song
94%
to
94%
To
94%
we
94%
black
93%
favorite
93%
happiness
93%
your
93%
And
92%
all
91%
eyes
91%
long
91%
said
91%
said,
91%
"That's
91%
way
91%
danced
90%
head
90%
jeans
90%
one
90%
lie"
88%
old
88%
chest
87%
faded
87%
in
87%
shined
87%
stars
85%
those
85%
shame
84%
Georgia
83%
Put
83%
back
81%
Just
80%
time
80%
had
79%
it
79%
truck
79%
But
78%
like
78%
boy
76%
first
76%
lake
76%
summer
76%
moon
75%
Oh,
75%
gettin'
74%
Is
74%
Is,
74%
at
73%
Chevy
73%
I'm
73%
stuck
73%
tendency
73%
there
73%
It's
72%
it's
72%
you'll
71%
letter
70%
thing
70%
was
70%
gone
69%
read
69%
see
69%
spotlight
69%
for
68%
find
67%
here
67%
takes
67%
doorstep
66%
him
66%
never
66%
up
66%
right
65%
saw
64%
September
64%
God
63%
not
63%
place"
63%
bed
62%
month
62%
radio
62%
tears
62%
turn
62%
beside
61%
thankin'
61%
box
60%
hard
60%
since
60%
street
60%
believe
59%
beneath
59%
bittersweet
59%
there's
59%
three
59%
weren't
59%
summers
58%
woke
58%
From
57%
standin'
57%
backroads
56%
left
55%
nice
54%
lookin'
51%
Someday
51%
mmm
33%
No matching quizzes found
Score Distribution
Percent of People with Each Score
Percentile by Number Answered
Your Score History
You have not taken this quiz since the last reset